| 000 | 00718nam a2200229 a 4500 | ||
|---|---|---|---|
| 005 | 20230624064040.0 | ||
| 008 | 010910s1993 r 000 0 eng d | ||
| 020 | _a9505185294 | ||
| 035 | _aUPN01000111082 | ||
| 049 | _aCG | ||
| 050 | 4 |
_aRC488.5 _bP7.218 |
|
| 100 | 1 | _aPrata, Giuliana. | |
| 245 | 1 | 3 |
_aUn arpón sistémico para juegos familiares : _bintervenciones preventivas en terapia / _cGiuliana Prata ; tr. Zoraida J. Valcárcel |
| 260 |
_aBuenos Aires : _bAmorrortu, _c1993 |
||
| 300 | _a179 p. | ||
| 440 | 0 | _aBiblioteca de psicología y psicoanálisis | |
| 650 | 4 |
_aPsicoterapia familiar _944 |
|
| 650 | 4 |
_aRelaciones interpersonales _91551 |
|
| 901 | _a183814 | ||
| 902 | _aMITM/cav | ||
| 905 | _aLibro | ||
| 999 |
_c84991 _d84991 |
||